| 000 | 00579nam a22001933a 4500 | ||
|---|---|---|---|
| 005 | 20210223124353.0 | ||
| 008 | 010914s1998 mx fr 000 0 spa d | ||
| 020 | _a9701814983 | ||
| 035 | _aUPN01000111512 | ||
| 049 | _aCG | ||
| 050 | 4 |
_aPQ7797 B635 _bS4.2 |
|
| 100 | 1 | _aSessarego, Myrta | |
| 245 | 1 | 0 |
_aBorges y el laberinto / _cMyrta Sessarego. |
| 260 |
_aMéxico : _bCNCA, Dirección General de Publicaciones, _c1998. |
||
| 300 |
_a63 p. : _bil. |
||
| 440 | 0 | _aTercer milenio | |
| 600 | 1 | 4 |
_aBORGES, JORGE LUIS, _d1899-1986 - _xCRITICA E INTERPRETACION _95546 |
| 905 | _aLibro | ||
| 999 |
_c85420 _d85420 |
||